|
|
|
|
| LEADER |
00000ny a22000003n 4500 |
| 005 |
2011061507277.0 |
| 008 |
061010s2006 sp 000 0 spa d |
| 017 |
|
|
|a D.L.M30843-06
|
| 020 |
|
|
|a 9788480047616
|
| 035 |
|
|
|a 2717
|
| 040 |
|
|
|a SpMaUCDE
|d vLex
|
| 080 |
|
|
|a 343.615(460)
|
| 090 |
|
|
|c 703
|d 703
|
| 100 |
1 |
|
|a Garca̕ Garca̕ Cervign̤, Josefina
|
| 245 |
1 |
0 |
|a Delito de lesiones
|h [Recurso electrn̤ico]
|b tipos agravados y cualificados /
|c Josefina Garca̕ Garca̕-Cervign̤
|
| 256 |
|
|
|a Servicio en ln̕ea
|
| 260 |
|
|
|a Madrid :
|b Editorial Universitaria Ramn̤ Areces,
|c D.L. 2006
|
| 300 |
|
|
|a 273 p. ;
|c 24 cm
|
| 506 |
1 |
|
|a Contenido solo disponible en los productos indicados
|d vLex Global
|d vLex Global (Academic Edition, excluding Law Schools)
|d vLex Global (U.S. Academic Edition, Law Schools)
|d vLex Global (U.S. Academic Edition, excluding Law Schools)
|d vLex Global (Academic Edition, Law Schools)
|
| 650 |
0 |
7 |
|2 Tesauro vLex
|a Agravantes
|
| 650 |
0 |
7 |
|2 Tesauro vLex
|a Circunstancias modificadas
|
| 650 |
0 |
7 |
|2 Tesauro vLex
|a Lesiones
|
| 650 |
0 |
7 |
|2 Tesauro vLex
|a Delito
|
| 740 |
0 |
|
|a vLex Libros (Servicios en ln̕ea)
|
| 856 |
4 |
0 |
|z Acceso restringido
|u http://vlex.com/source/delito-agresiones-2717
|
| 942 |
|
|
|c BOOK
|
| 999 |
0 |
|
|a Crime
|b Madrid
|